000 00626nam a22001937a 4500
005 20251108170853.0
008 250721s1997 xx 000 0 ara d
082 1 4 _aط/ق/مؤن
100 1 _aمؤنس، حسين
_eمؤلف
245 1 0 _aاسرار الهواء و علوم الحياة /
264 1 _aالقاهرة :
_bدار الرشاد،
_c1997.
300 _a15ص.
490 0 _aحكايات أندلسية للأطفال
_v3
650 1 7 _aادب الاطفال
653 _aاطفال مرحلة متوسطة (6-9) سنوات
700 1 _aأمين، عمرو
_eمؤلف
942 _2ddc
_cBK
999 _c50975
_d50975